<?xml version="1.0" encoding="UTF-8"?>
<record
    xmlns:xsi="http://www.w3.org/2001/XMLSchema-instance"
    xsi:schemaLocation="http://www.loc.gov/MARC21/slim http://www.loc.gov/standards/marcxml/schema/MARC21slim.xsd"
    xmlns="http://www.loc.gov/MARC21/slim">

  <leader>02130nam a2200361   4500</leader>
  <controlfield tag="005">20251024180000.0</controlfield>
  <controlfield tag="008">250410b2014    |||||||| |||| 00| 0 eng d</controlfield>
  <datafield tag="020" ind1=" " ind2=" ">
    <subfield code="a">9781471523359</subfield>
  </datafield>
  <datafield tag="041" ind1=" " ind2=" ">
    <subfield code="a">ING</subfield>
  </datafield>
  <datafield tag="082" ind1=" " ind2=" ">
    <subfield code="a">428.640.24 E92i</subfield>
  </datafield>
  <datafield tag="100" ind1=" " ind2=" ">
    <subfield code="a">Evans, Virginia</subfield>
    <subfield code="9">2969</subfield>
  </datafield>
  <datafield tag="100" ind1=" " ind2=" ">
    <subfield code="a">Dooley, Jenny</subfield>
    <subfield code="9">27233</subfield>
  </datafield>
  <datafield tag="100" ind1=" " ind2=" ">
    <subfield code="a">Leland Keel, Stephen</subfield>
  </datafield>
  <datafield tag="245" ind1=" " ind2=" ">
    <subfield code="a">Insurance</subfield>
  </datafield>
  <datafield tag="260" ind1=" " ind2=" ">
    <subfield code="a">Estados Unidos</subfield>
  </datafield>
  <datafield tag="260" ind1=" " ind2=" ">
    <subfield code="b">Express Publishing</subfield>
  </datafield>
  <datafield tag="260" ind1=" " ind2=" ">
    <subfield code="c">2014</subfield>
  </datafield>
  <datafield tag="300" ind1=" " ind2=" ">
    <subfield code="a">100 p&#xE1;ginas</subfield>
  </datafield>
  <datafield tag="300" ind1=" " ind2=" ">
    <subfield code="b">Ilustraciones y fotograf&#xED;as a color</subfield>
  </datafield>
  <datafield tag="440" ind1=" " ind2=" ">
    <subfield code="a">Career Paths</subfield>
  </datafield>
  <datafield tag="490" ind1=" " ind2=" ">
    <subfield code="a">Direcci&#xF3;n y Administraci&#xF3;n de Empresas</subfield>
    <subfield code="a">Tem&#xE1;tica General</subfield>
  </datafield>
  <datafield tag="505" ind1=" " ind2=" ">
    <subfield code="a">Table of contents: </subfield>
  </datafield>
  <datafield tag="505" ind1=" " ind2=" ">
    <subfield code="a">Book 1: Unit 1: Insurance. Unit 2: Principles of insurance. Unit 3 - 4: Types of insurance. Unit 5: Basic insurance finance. Unit 6: Working with numbers. Unit 7: Describing quantities. Unit 8: Describing changes. Unit 9: Describing benefits. Unit 10: Structure og the market. Unit 11: Structure of an insurance company. Unit 12: Types of agents. Unit 13: People in an insurance agency. Unit 14: Insurance agency services. Unit 15: Pay and benefits. </subfield>
  </datafield>
  <datafield tag="505" ind1=" " ind2=" ">
    <subfield code="a">Book 2: Unit 1: Policy terminology. Unit 2: Insurance and practice. Unit 3: Types of risk. Unit 4: Risk assessment. Unit 5: Describing loss. Unit 6:Claims. Unit 7: Reinsurance. Unit 8 - 9: Automobile insurance. Unit 10 - 11: Life insurance. Unit 12: Disability insurance. Unit 13: Business interruption insurance. Unit 14: Travel insurance. Unit 15: Credit insurance. </subfield>
  </datafield>
  <datafield tag="505" ind1=" " ind2=" ">
    <subfield code="a">Book 3: Unit 1: Actuarial science. Unit 2: Underwriting. Unit 3: Investing. Unit 4: Marketing. Unit 5: Fire and perils insurance: combustion. Unit 6: Fire and perils insurance: major incidents. Unit 7:  Types of property insurance. Unit 8: Common property hazards. Unit 9: Title insurance. Unit 10: Csualty insurance. Unit 11: Liability. Unit 12: Malpractice. Unit 13: Health insurance. Unit 14: Regulation. Unit 15: Fraud. </subfield>
  </datafield>
  <datafield tag="650" ind1=" " ind2=" ">
    <subfield code="a">VOCABULARY</subfield>
  </datafield>
  <datafield tag="650" ind1=" " ind2=" ">
    <subfield code="a">READING</subfield>
  </datafield>
  <datafield tag="650" ind1=" " ind2=" ">
    <subfield code="a">WRITING</subfield>
  </datafield>
  <datafield tag="650" ind1=" " ind2=" ">
    <subfield code="a">SPEAKING</subfield>
  </datafield>
  <datafield tag="650" ind1=" " ind2=" ">
    <subfield code="a">LISTENING</subfield>
  </datafield>
  <datafield tag="942" ind1=" " ind2=" ">
    <subfield code="2">ddc</subfield>
    <subfield code="c">BK</subfield>
  </datafield>
  <datafield tag="999" ind1=" " ind2=" ">
    <subfield code="c">13787</subfield>
    <subfield code="d">13787</subfield>
  </datafield>
  <datafield tag="952" ind1=" " ind2=" ">
    <subfield code="o">428.640.24 E92i</subfield>
    <subfield code="p">26029</subfield>
    <subfield code="x">DAE </subfield>
    <subfield code="x"> EIDIOMAS</subfield>
    <subfield code="y">BK</subfield>
  </datafield>
  <datafield tag="952" ind1=" " ind2=" ">
    <subfield code="o">428.640.24 E92i</subfield>
    <subfield code="p">26030</subfield>
    <subfield code="x">DAE </subfield>
    <subfield code="x"> EIDIOMAS</subfield>
    <subfield code="y">BK</subfield>
  </datafield>
</record>
